000 00468nam a2200193Ia 4500
005 20250423095704.0
008 250422s9999 xx 000 0 und d
020 _a1-890091-75-8-PB
050 _aDT 515.45.I33 .N85/
100 _aNwala, T Uzodinma
245 0 _aIgbo philosophy
250 _a2nd ed.
260 _aNew York
260 _bTriatlantic Books
260 _c2010
300 _a357 p
650 _aPhilosophy-- Igbo. History--Africa
942 _cBK
999 _c31034
_d31034